| 000 | 00442nam a2200169 i 4500 | ||
|---|---|---|---|
| 001 | 142237 | ||
| 003 | ES-MaACL | ||
| 005 | 20230906200457.0 | ||
| 007 | t| | ||
| 008 | 071004s1969 sp ||||1| spa d | ||
| 080 | _a82-344"19" | ||
| 100 | 1 |
_aVignon, Claude. _9114656 |
|
| 245 | 1 | 0 |
_aCuentos de miedo / _cClaude Vignon. |
| 260 |
_a[Madrid : _bArce], _c1969. |
||
| 300 |
_a268 p. : _bil. ; _c18 cm. |
||
| 852 |
_aES-MaACL _jC-40645 _bR.72509 |
||
| 999 |
_c142237 _d142237 |
||